000
00471nam a2200157Ia 4500
008
100204s9999 xx 000 0 und d
082
_b
28819
100
_a
गोविलकर सुमती
245
_a
स्वरसुधा
250
_a
0
260
_b
"पारस पब्लिकेशन , कोल्हापूर"
_c
2007
300
_a
200
630
_a
स्वरसुधा
730
_a
स्वरसुधा
942
_c
BOOK
999
_c
473996
_d
473993